000 00369nam a2200133 i 4500
001 bg
100 1 _aMILEWSKI, Andrzej
245 0 _aOptymalizacja metod pomiarowych dialektyków małostratnych w paśmie mikrofalowym /
_cAndrzej Milewski.
260 _aWrocław,
_c1975.
040 _cBPK
041 _apol
942 _cKS
008 s pl f |000 0 pol
999 _c16657
_d16657
856 _uhttp://koha.tu.koszalin.pl/cgi-bin/koha/opac-detail.pl?biblionumber=16657
_yKatalog online BPK